Lyrics to 'Sé Que Te Duele' by Alejandro Fernández, Morat - Statistics

General Stats
  • This quiz has been taken 38 times
  • The average score is 303 of 341
Answer Stats
Answer % Correct
a
100%
aún
100%
aunque
100%
Ay
100%
cómo
100%
Cómo
100%
duele
100%
el
100%
en
100%
En
100%
eres
100%
esperes
100%
hay
100%
la
100%
las
100%
más
100%
me
100%
mujeres
100%
mundo
100%
no
100%
noche
100%
noches
100%
por
100%
que
100%
Que
100%
quedaste
100%
quiera
100%
quiere
100%
quise
100%
100%
100%
se
100%
sola
100%
tantas
100%
tanto
100%
te
100%
Te
100%
una
100%
verte
100%
y
100%
Y
100%
ya
100%
Yo
100%
abrirás
80%
adiós
80%
ahora
80%
amor
80%
batalla
80%
beso
80%
bien
80%
cada
80%
canción
80%
clavo
80%
con
80%
conmigo
80%
contigo
80%
de
80%
del
80%
di
80%
dije
80%
enamorando
80%
enamoraste
80%
ese
80%
estuve
80%
estuviste
80%
fin
80%
he
80%
herida
80%
junto
80%
lo
80%
mentiras
80%
mentirte
80%
mi
80%
80%
mueras
80%
muere
80%
nada
80%
nunca
80%
otra
80%
Para
80%
perdí
80%
perdida
80%
persiga
80%
porque
80%
Porque
80%
puedes
80%
quedarte
80%
quien
80%
quieres
80%
quiero
80%
razón
80%
seré
80%
siempre
80%
sólo
80%
soy
80%
también
80%
También
80%
Todo
80%
todo
80%
80%
vayas
80%
vida
80%
voz
80%
canciones
60%
honor
60%
Hoy
60%
mentirme
60%
mis
60%
nuestro
60%
nuestros
60%
peleado
60%
Pero
60%
recuerdos
60%
riman
60%
Saber
60%
vivan
60%
persigan
40%
No matching quizzes found
Score Distribution
Percent of People with Each Score
Percentile by Number Answered
Your Score History
You have not taken this quiz